02999nam a2200541Ia 45000010005000000080041000050100009000460410014000550820014000692450196000832600018002793000007002975200007003046300022003116300014003336300023003476500024003706900014003947000026004087000027004347000029004619010065004909020006005559030034005619040018005959050016006139060006006299070017006359080024006529090068006769100015007449110010007599120014007699130009007839140026007929150019008189160009008379170009008469180014008559190023008695201501008929210007023939220007024009230006024079240019024139420010024329990015024427016241029s9999 xx 000 0 und d a6637 aEspañol aNO APLICA 0aAnálisis de los factores de gestión que intervienen en la práctica docente de calidad en el nivel primario del Colegio Los Arbolitos, El Millón, Santo Domingo, República Dominicana. aSanto Domingo a79 a67 aCalidad Educativa aGestión aPráctica Docente aGestión Educativa aElaborado easesoraUribe, José eautoraDe Bran , Juana eautoraJiménez, Andrea a{"1":"De Bran ","2":"Jiménez"}b{"1":"Juana","2":"Andrea"} a1 a{"1":"Uribe"}b{"1":"José"} aMaestría en aEducación a1 aMención en aGestión Educativa aUniversidad Nacional Evangélica (UNEV), Recinto Santo Domingo aNULLbNULL a["1"] aNO APLICA aNULL a01 de Octubre de 2018 a15/11/19 07:11 aNULL aNULL aNO APLICA a["29","111","162"] aEsta investigación tuvo como objetivo analizar los factores de gestión que intervienen en la práctica docente de calidad del nivel primario del Colegio Los Arbolitos, siendo este estudio bibliográfico, basado en diferentes teorías que sustentan la relación existente entre la gestión y la práctica docente. Se utilizó una encuesta para recoger la información y ser trabajada estadísticamente, desde una perspectiva cuantitativa. Esta técnica fue aplicada a docentes del centro de estudio con el objetivo de recoger información sobre los factores de gestión que se ponen de manifiesto en el centro para dar al traste con una práctica docente de calidad. Esta encuesta está basada en un listado de preguntas estrictamente estructuradas, se tomó  la población total, 10 docentes del nivel primario, el instrumento utilizado para la recolección de datos fue un cuestionario. Concluyó que el equipo de gestión del centro educativo tiene dominio de los factores de gestión educativa, por lo cual los docentes encuestados consideran que la calidad de práctica docente del colegio está en proceso de adaptación y revisión de los procesos. Se recomendó apoyar y aprovechar el talento de sus docentes, brindando espacios para que diseñen sus clases; propiciar el intercambio sistemático de experiencias, la búsqueda conjunta de soluciones a los problemas encontrados y de prácticas más apropiadas para lograr más y mejores aprendizajes. a63 a63 a1 a20191113021203 cTesis c6637d6637